Careers in business
It takes a lot of time and effort to prepare for a profession—and this book takes you every step of the way to reaching that goal. Ideal whether you are college-bound or are ready to go back to school to gain the necessary degree, Careers in Business explores specific professions and then helps you...
Đã lưu trong:
| 主要作者: | |
|---|---|
| 格式: | 图书 |
| 语言: | Undetermined |
| 出版: |
New York, NY.
McGraw-Hill
2006
|
| 主题: | |
| 标签: |
添加标签
没有标签, 成为第一个标记此记录!
|
| Thư viện lưu trữ: | Trung tâm Học liệu Trường Đại học Cần Thơ |
|---|
| LEADER | 00927nam a2200229Ia 4500 | ||
|---|---|---|---|
| 001 | CTU_112704 | ||
| 008 | 210402s9999 xx 000 0 und d | ||
| 020 | |c 255500 | ||
| 082 | |a 650.1 | ||
| 082 | |b S782 | ||
| 100 | |a Stair, Lila B. | ||
| 245 | 0 | |a Careers in business | |
| 245 | 0 | |c Lila B. Stair, Leslie Stair | |
| 260 | |a New York, NY. | ||
| 260 | |b McGraw-Hill | ||
| 260 | |c 2006 | ||
| 520 | |a It takes a lot of time and effort to prepare for a profession—and this book takes you every step of the way to reaching that goal. Ideal whether you are college-bound or are ready to go back to school to gain the necessary degree, Careers in Business explores specific professions and then helps you determine which job in that profession bests suits you. | ||
| 650 | |a Business | ||
| 650 | |x Vocational guidance | ||
| 650 | |z United States | ||
| 904 | |i Minh | ||
| 980 | |a Trung tâm Học liệu Trường Đại học Cần Thơ | ||